书目信息 |
| 题名: |
电脑音乐创作三合一教程
|
|
| 作者: | 张军 , 韩璐 编著 | |
| 分册: | ||
| 出版信息: | 北京 中国科学技术出版社 2004 |
|
| 页数: | 445页 | |
| 开本: | 26cm | |
| 丛书名: | ||
| 单 册: | ||
| 中图分类: | J614.8 | |
| 科图分类: | ||
| 主题词: | 多媒体 , 计算机应用 , 多媒体--计算机应用--作曲--教材 , 作曲 | |
| 电子资源: | ||
| ISBN: | 7-5046-1459-9 | |
| 000 | 00963nam0 2200277 450 | |
| 001 | 05002678676 | |
| 005 | 20051009085935.84 | |
| 010 | @a7-5046-1459-9@dCNY42.00 | |
| 100 | @a20050122d2004 ekmy0chiy0120 ea | |
| 101 | 0 | @achi |
| 102 | @aCN@b110000 | |
| 105 | @aa z 000yy | |
| 200 | 1 | @a电脑音乐创作三合一教程@9dian nao yin yue chuang zuo san he yi jiao cheng@f张军,韩璐编著@Fzhang jun,han lu bian zhu |
| 210 | @a北京@c中国科学技术出版社@c北京希望电子出版社@d2004 | |
| 215 | @a445页@c图@d26cm@e1CD | |
| 307 | @a附光盘:ISBN 7-89498-190-7 | |
| 330 | @a本书介绍了电脑音乐的基础知识,并详细介绍了SoundForge6.0、CakewalkSonarXL2.2、CoolEditPro2.0这三款常用的电脑音乐制作软件的使用方法。 | |
| 606 | 0 | @a多媒体 |
| 606 | 0 | @a计算机应用 |
| 606 | 0 | @a多媒体@x计算机应用@x作曲@j教材 |
| 606 | 0 | @a作曲 |
| 690 | @aJ614.8@v4 | |
| 701 | 0 | @a张军@Azhang jun@4编著 |
| 701 | 0 | @a韩璐@Ahan lu@4编著 |
| 801 | 0 | @aCN@bTSSF@c20051009 |
| 905 | @a10447@dJ614.8@e299 | |
| 电脑音乐创作三合一教程/张军,韩璐编著.-北京:中国科学技术出版社:北京希望电子出版社,2004 |
| 445页:图;26cm+1CD |
| ISBN 7-5046-1459-9:CNY42.00 |
| 本书介绍了电脑音乐的基础知识,并详细介绍了SoundForge6.0、CakewalkSonarXL2.2、CoolEditPro2.0这三款常用的电脑音乐制作软件的使用方法。 |
| ● |
| 相关链接 |
|
|
|
|
正题名:电脑音乐创作三合一教程
索取号:J614.8/299
 
预约/预借
| 序号 | 登录号 | 条形码 | 馆藏地/架位号 | 状态 | 备注 |
| 1 | 0364817 | 3648173 | 第一样本阅览室/ [索取号:J614.8/299] | 在馆 | |
| 2 | 0364818 | 3648182 | 第一借阅区/ [索取号:J614.8/299] | 在馆 | |
| 3 | 0364819 | 3648191 | 第一借阅区/ [索取号:J614.8/299] | 在馆 | |
| 4 | 0364820 | 3648208 | 第一借阅区/ [索取号:J614.8/299] |
已借出,限还日期为2006.04.28 借出人:杨胜利 |
|
| 5 | 0364821 | 3648217 | 第一借阅区/ [索取号:J614.8/299] | 在馆 |
本书有关联资源:
1 .光盘 /ISO :电脑音乐创作三合一教程 /张军
下载